000 00235nam a2200097Ia 4500
008 230508s1998 xx 000 0 und d
041 _aeng
100 _aRODDY DENNIS & COOLEN JOH
245 _aELECTRONIC COMMUNICATION.
260 _c1998
999 _c332641
_d332641